Cuento seis / (Record no. 13661)

000 -CABECERA
fixed length control field 00707nam a22002057a 4500
003 - IDENTIFICADOR DEL NÚMERO DE CONTROL
control field AR-CdUCM
008 - DATOS DE LONGITUD FIJA--INFORMACIÓN GENERAL
fixed length control field 190225b ||||| |||| 00| 0 spa d
040 ## - FUENTE DE LA CATALOGACIÓN
Agencia/entidad que catalogó originalmente la obra MUNICIPALIDAD PROVINCIAL DEL CUSCO
Entidad que transcribió la catalogación BIBLIOTECA MUNICIPAL DEL CUSCO
082 ## - NÚMERO DE LA CLASIFICACIÓN DECIMAL DEWEY
No. de Clasificación ES / 373.869 /
Notacion interna G98
100 ## - ENTRADA PRINCIPAL--NOMBRE DE PERSONA
Nombre Personal Guzmán Calderón, Leonel
245 ## - MENCIÓN DE TÍTULO
Título Cuento seis /
260 ## - PUBLICACIÓN, DISTRIBUCIÓN, ETC.
Lugar de publicación, distribución, etc. Cusco :
Nombre de la editorial, distribuidor, etc. Andina,
300 ## - DESCRIPCIÓN FÍSICA
Nº de Páginas Extensión 76 páginas ;
Dimensiones 20 cm.
505 ## - NOTA DE CONTENIDO CON FORMATO
Nota de contenido formateada Contenido: El susto -- Reencuentro del lunes -- La sospecha muerta -- En un día de abril -- El vuelo cortado -- Por ahí graznan.
650 ## - PUNTO DE ACCESO ADICIONAL DE MATERIA--TÉRMINO DE MATERIA
Descriptor Literatura peruana
9 (RLIN) 169
650 ## - PUNTO DE ACCESO ADICIONAL DE MATERIA--TÉRMINO DE MATERIA
Descriptor Cuentos
9 (RLIN) 217
650 ## - PUNTO DE ACCESO ADICIONAL DE MATERIA--TÉRMINO DE MATERIA
Descriptor Siglo XXI
9 (RLIN) 2856
942 ## - ELEMENTOS DE PUNTO DE ACCESO ADICIONAL (KOHA)
Fuente de clasificación
Tipo de item Libros-BMC
945 ## - PROCESAMIENTO DE INFORMACIÓN LOCAL (OCLC)
Catalogador pjha
AAAA-MM-DD - Fecha de ingreso o modificacion 2019-04-16
Holdings
Estado de retiro (separado) Fuente de clasificación o esquema de estanterías Estado dañado Ubicación Sala donde se ubica Nombre de la colección Fecha de adquisición o compra Costo, precio normal en soles Signatura topográfica Código de Barras Última vez visto (Koha) Tipo de ítem (Koha)
No     Sala de Infantes Sala de Infantes Children's Area 2019-04-16 10.00 ES / 373.869 / G98 SI00001964 2019-04-16 Libros-BMC
No     Sala de Infantes Sala de Infantes Children's Area 2019-04-16 10.00 ES / 373.869 / G98 / e.2 SI00001965 2019-04-16 Libros-BMC
No     Sala de Infantes Sala de Infantes Children's Area 2019-04-16 10.00 ES / 373.869 / G98 / e.3 SI00001966 2019-04-16 Libros-BMC
No     Sala de Infantes Sala de Infantes Children's Area 2019-04-16 10.00 ES / 373.869 / G98 / e.4 SI00001967 2019-04-16 Libros-BMC

Powered by Koha